[Event "Gdansk op 12th "]
[Site "Gdansk"]
[Date "2010.07.21"]
[Round "6"]
[White "Wodzynski, Mieszko"]
[Black "Garbowska, Hanna"]
[Result "0-1"]
[WhiteElo "1796"]
[BlackElo "2026"]
[PlyCount "84"]
[EventDate "2010.07.17"]
[EventType "swiss"]
[EventRounds "9"]
[EventCountry "POL"]
[SourceTitle "EXT 2011"]
[Source "ChessBase"]
[SourceDate "2010.11.26"]
[SourceVersion "1"]
[SourceVersionDate "2010.11.26"]
[SourceQuality "1"]

1. e4 c5 2. Nf3 d6 3. d4 cxd4 4. Nxd4 Nf6 5. Nc3 a6 6. Be2 e5 7. Nb3 Be7 8. Be3 Be6 9. f4 exf4 10. Bxf4 Qc7 11. Qd2 Nbd7 12. Nd4 Nc5 13. Bf3 0-0 14. 0-0-0 Rfd8 15. Rhe1 Rac8 16. Nf5 Bxf5 17. exf5 b5 18. Qe2 Bf8 19. Bg5 Re8 20. Qd2 Rxe1 21. Rxe1 Qa5 22. Kb1 b4 23. Bxf6 bxc3 24. Bxc3 Qb5 25. Be2 Qb7 26. Qd4 Rb8 27. Bc4 Kh8 28. Qd5 Na4 29. Qxb7 Nxc3+ 30. bxc3 Rxb7+ 31. Kc1 Be7 32. Bxa6 Bg5+ 33. Kd1 Rb1+ 34. Ke2 Rb6 35. Kd3 g6 36. Bc4 Kg7 37. fxg6 hxg6 38. a4 Rb7 39. a5 Bf4 40. g3 Be5 41. a6 Rc7 42. Rb1 d5 0-1

[Event "Gdansk op 12th "]
[Site "Gdansk"]
[Date "2010.07.19"]
[Round "4"]
[White "Tyda, Krzysztof"]
[Black "Wodzynski, Mieszko"]
[Result "1-0"]
[WhiteElo "2031"]
[BlackElo "1796"]
[PlyCount "69"]
[EventDate "2010.07.17"]
[EventType "swiss"]
[EventRounds "9"]
[EventCountry "POL"]
[SourceTitle "EXT 2011"]
[Source "ChessBase"]
[SourceDate "2010.11.26"]
[SourceVersion "1"]
[SourceVersionDate "2010.11.26"]
[SourceQuality "1"]

1. d4 Nf6 2. c4 e5 3. dxe5 Ng4 4. Nf3 Nc6 5. Nc3 Ngxe5 6. e4 Nxf3+ 7. Qxf3 Ne5 8. Qg3 d6 9. f4 Nc6 10. Be3 g6 11. Rd1 Bd7 12. Be2 Bg7 13. 0-0 Bxc3 14. bxc3 Qe7 15. e5 0-0-0 16. exd6 cxd6 17. Rfe1 Rhe8 18. Bc1 Qf6 19. Ba3 Bf5 20. Rd2 h5 21. Red1 h4 22. Qf2 Qxc3 23. Bxd6 Qe3 24. Bf3 Na5 25. Qxe3 Rxe3 26. Rc1 Be4 27. Kf2 Rd3 28. Rxd3 Bxd3 29. c5 Re8 30. Be5 Bc4 31. Bf6 h3 32. Bg4+ Kc7 33. Be5+ Kc6 34. Bc3 Be6 35. Bxe6 1-0

[Event "Znin op"]
[Site "Znin"]
[Date "2010.07.01"]
[Round "8"]
[White "Wodzynski, Mieszko"]
[Black "Huseynov, Vusal Elman"]
[Result "0-1"]
[WhiteElo "1807"]
[BlackElo "2100"]
[PlyCount "86"]
[EventDate "2010.06.27"]
[EventType "swiss"]
[EventRounds "9"]
[EventCountry "POL"]
[SourceTitle "CBM 137 Extra"]
[Source "ChessBase"]
[SourceDate "2010.09.01"]
[SourceVersion "1"]
[SourceVersionDate "2010.09.01"]
[SourceQuality "1"]

1. e4 d5 2. exd5 Qxd5 3. Nc3 Qa5 4. d4 Nf6 5. Bd2 c6 6. Nf3 Bf5 7. Bc4 Qc7 8. 0-0 e6 9. Re1 Be7 10. Ne2 Nbd7 11. Bf4 Bd6 12. Bxd6 Qxd6 13. Ng3 Bg6 14. Qe2 0-0 15. Rad1 Qf4 16. Ne5 Rad8 17. Nxg6 hxg6 18. Ne4 Nxe4 19. Qxe4 Qxe4 20. Rxe4 Nb6 21. Bb3 Rd6 22. c4 Rd7 23. d5 Rfd8 24. d6 c5 25. Re5 Rc8 26. Kf1 a5 27. a3 Rc6 28. Ke2 a4 29. Ba2 Nc8 30. b4 axb3 31. Bxb3 Rdxd6 32. Ba4 Rc7 33. Re3 Rxd1 34. Kxd1 Nd6 35. Bb5 Kf8 36. a4 b6 37. g4 Ke7 38. Kd2 g5 39. h4 gxh4 40. f4 Nxb5 41. axb5 Rd7+ 42. Kc3 Rd4 43. Rf3 g5 0-1

[Event "Znin op"]
[Site "Znin"]
[Date "2010.06.30"]
[Round "6"]
[White "Wodzynski, Mieszko"]
[Black "Budnik, Kazimierz"]
[Result "1-0"]
[WhiteElo "1807"]
[BlackElo "1800"]
[PlyCount "36"]
[EventDate "2010.06.27"]
[EventType "swiss"]
[EventRounds "9"]
[EventCountry "POL"]
[SourceTitle "CBM 137 Extra"]
[Source "ChessBase"]
[SourceDate "2010.09.01"]
[SourceVersion "1"]
[SourceVersionDate "2010.09.01"]
[SourceQuality "1"]

1. e4 c5 2. Nf3 Nc6 3. d4 cxd4 4. Nxd4 e6 5. Nc3 g6 6. Be2 Bc5 7. Be3 Qe7 8. Qd2 b5 9. Bf3 Ne5 10. Be2 Nc4 11. Bxc4 bxc4 12. Qe2 Bb7 13. Qxc4 Rc8 14. Qd3 Qh4 15. 0-0-0 Ne7 16. Nf3 Bxe3+ 17. fxe3 Qf6 18. Qxd7+ Kf8 1-0

[Event "POL-chT3 Kujawsko Pomorskie 0910"]
[Site "Poland"]
[Date "2009.11.22"]
[Round "2.10"]
[White "Wodzynski, Mieszko"]
[Black "Wisniewski, Jaroslaw"]
[Result "1-0"]
[WhiteElo "1807"]
[BlackElo "1978"]
[PlyCount "35"]
[EventDate "2009.11.08"]
[EventType "team-tourn"]
[EventRounds "11"]
[EventCountry "POL"]
[SourceTitle "EXT 2020"]
[Source "ChessBase"]
[SourceDate "2019.10.17"]
[SourceVersion "1"]
[SourceVersionDate "2019.10.17"]
[SourceQuality "1"]

1. e4 d5 2. exd5 Qxd5 3. Nc3 Qa5 4. d4 Nf6 5. Nf3 Bg4 6. Bc4 e6 7. Bd2 c6 8. 0-0 Nbd7 9. Re1 Be7 10. Nd5 Qd8 11. Nxe7 Qxe7 12. h3 Bh5 13. g4 Bg6 14. Ng5 0-0-0 15. Qf3 Qd6 16. c3 h6 17. Bf4 Qf8 18. Qxc6+ 1-0

[Event "Ostroda op 6th"]
[Site "Ostroda"]
[Date "2009.08.11"]
[Round "7"]
[White "Stachowicz, Feliks"]
[Black "Wodzynski, Mieszko"]
[Result "1-0"]
[WhiteElo "1680"]
[BlackElo "1800"]
[PlyCount "77"]
[EventDate "2009.08.07"]
[EventType "swiss"]
[EventRounds "9"]
[EventCountry "POL"]
[SourceTitle "EXT 2011"]
[Source "ChessBase"]
[SourceDate "2010.11.26"]
[SourceVersion "1"]
[SourceVersionDate "2010.11.26"]
[SourceQuality "1"]

1. d4 Nf6 2. Nf3 d5 3. c4 e6 4. Nc3 c6 5. Qb3 Nbd7 6. Bg5 Be7 7. e3 0-0 8. Be2 h6 9. Bf4 dxc4 10. Bxc4 b5 11. Be2 Bb7 12. 0-0 g5 13. Bg3 a6 14. Rfd1 Nd5 15. h3 f5 16. Be5 h5 17. Kh1 g4 18. Ng1 N7f6 19. Bxf6 Rxf6 20. Nxd5 exd5 21. f3 Bc8 22. e4 fxe4 23. fxe4 Rg6 24. e5 Ra7 25. Rf1 c5 26. Qc2 Rg7 27. dxc5 Rc7 28. b4 Bh4 29. Qd2 Bg3 30. Rfd1 Be6 31. Qh6 Qe8 32. Qe3 gxh3 33. Nxh3 Bxh3 34. gxh3 Qe6 35. Bf1 Rcf7 36. Bg2 Rf2 37. Qxf2 Qxe5 38. Qf3 Rf7 39. Qxd5 1-0

[Event "POL 14th Olympiade U14 Boys"]
[Site "Szczawno Zdroj"]
[Date "2008.05.02"]
[Round "8"]
[White "Sobaniec, Dominik"]
[Black "Wodzynski, Mieszko"]
[Result "1/2-1/2"]
[WhiteElo "1778"]
[BlackElo "1781"]
[PlyCount "77"]
[EventDate "2008.04.27"]
[EventType "swiss"]
[EventRounds "10"]
[EventCountry "POL"]
[SourceTitle "EXT 2009"]
[Source "ChessBase"]
[SourceDate "2008.11.26"]
[SourceVersion "1"]
[SourceVersionDate "2008.11.26"]
[SourceQuality "1"]

1. d4 Nf6 2. Nf3 d5 3. c4 e6 4. Nc3 c6 5. Bg5 Bb4 6. a3 Bxc3+ 7. bxc3 Qa5 8. Qb3 Ne4 9. Bd2 Nd7 10. cxd5 exd5 11. e3 0-0 12. Bd3 c5 13. Qc2 Ndf6 14. c4 Nxd2 15. Qxd2 Qxd2+ 16. Kxd2 dxc4 17. Bxc4 Ne4+ 18. Ke2 cxd4 19. Nxd4 Rd8 20. Rac1 Bd7 21. Rhd1 Ba4 22. Rd3 Rac8 23. f3 Nd6 24. Rdc3 Kf8 25. Bd3 g6 26. Rxc8 Rxc8 27. Rxc8+ Nxc8 28. Nb5 Ke7 29. Nc3 Bc6 30. h4 h6 31. g4 g5 32. hxg5 hxg5 33. Be4 Bxe4 34. Nxe4 f6 35. Kd3 Nd6 36. Nxd6 Kxd6 37. Kc4 a6 38. a4 b6 39. f4 1/2-1/2

[Event "POL 14th Olympiade U14 Boys"]
[Site "Szczawno Zdroj"]
[Date "2008.04.29"]
[Round "4"]
[White "Malaczek, Mateusz"]
[Black "Wodzynski, Mieszko"]
[Result "0-1"]
[WhiteElo "1830"]
[BlackElo "1781"]
[PlyCount "58"]
[EventDate "2008.04.27"]
[EventType "swiss"]
[EventRounds "10"]
[EventCountry "POL"]
[SourceTitle "EXT 2009"]
[Source "ChessBase"]
[SourceDate "2008.11.26"]
[SourceVersion "1"]
[SourceVersionDate "2008.11.26"]
[SourceQuality "1"]

1. e4 e5 2. Nf3 Nc6 3. Bc4 Nf6 4. d3 Bc5 5. c3 d6 6. Nbd2 0-0 7. Nf1 Be6 8. Bb3 d5 9. exd5 Bxd5 10. Bg5 Bxb3 11. axb3 Re8 12. Ng3 e4 13. dxe4 Nxe4 14. 0-0 Qxd1 15. Raxd1 Nxg3 16. hxg3 Re2 17. Rd2 Rae8 18. b4 Bb6 19. b3 f6 20. Rxe2 Rxe2 21. Bd2 Ne5 22. Nxe5 fxe5 23. Be1 Rb2 24. c4 Bd4 25. c5 Rxb3 26. Kh2 Rb1 27. f4 Bc3 28. Bxc3 Rxf1 29. Bxe5 c6 0-1

[Event "POL 14th Olympiade U14 Boys"]
[Site "Szczawno Zdroj"]
[Date "2008.04.28"]
[Round "2"]
[White "Lewicki, Miroslaw"]
[Black "Wodzynski, Mieszko"]
[Result "0-1"]
[WhiteElo "1838"]
[BlackElo "1781"]
[PlyCount "63"]
[EventDate "2008.04.27"]
[EventType "swiss"]
[EventRounds "10"]
[EventCountry "POL"]
[SourceTitle "EXT 2009"]
[Source "ChessBase"]
[SourceDate "2008.11.26"]
[SourceVersion "1"]
[SourceVersionDate "2008.11.26"]
[SourceQuality "1"]

1. e4 e5 2. Nf3 Nc6 3. Bc4 Nf6 4. Nc3 Bc5 5. d3 h6 6. 0-0 d6 7. h3 Be6 8. Bb3 Qd7 9. Na4 Bb6 10. Nxb6 axb6 11. Be3 0-0 12. Nh4 Bxb3 13. axb3 Rxa1 14. Qxa1 Ne7 15. Qc1 Kh7 16. f4 Nh5 17. f5 d5 18. f6 gxf6 19. Qd1 Nf4 20. Bxf4 exf4 21. Rxf4 Qd6 22. Qf1 Ng6 23. Rg4 Nxh4 24. Rxh4 Qe5 25. exd5 Rg8 26. Qf4 Qe1+ 27. Kh2 Rg6 28. Qe4 Qg3+ 29. Kh1 f5 30. Qf3 Qxh4 31. d6 cxd6 32. Qxb7 0-1